| 000 | 02222cam a22003498a 4500 | ||
|---|---|---|---|
| 001 | MEB028035 | ||
| 003 | PILC | ||
| 005 | 20150529084411.0 | ||
| 008 | 120523s2013 mou 001 0 eng | ||
| 010 | _a2012021196 | ||
| 020 | _a9780323082327 | ||
| 035 | _a(DNLM)101584863 | ||
| 040 |
_aDNLM/DLC _cDLC |
||
| 042 | _apcc | ||
| 050 |
_aRT 55 _b.Il6 2013 |
||
| 245 | 0 | 0 |
_aIllustrated study guide for the NCLEX-RN exam / _cedited by JoAnn Zerwekh. |
| 250 | _a8th ed. | ||
| 260 |
_aSt. Louis : _bElsevier/Mosby, _c2013. |
||
| 263 | _a1212. | ||
| 300 |
_axiv, 642 pages : _bcolor illustrations ; _c28 cm. |
||
| 500 | _aIncludes appendix, bibliographical references and index. | ||
| 505 | 0 | _aTesting strategies for the NCLEX-RN examination -- Health implications across the life span -- Concepts of nursing practice -- Nursing management and ethical/legal concepts -- Emergency and disaster preparedness and bioterrorism -- Pharmacology and medication administration -- Homeostasis concepts -- Immune: care of the adult, maternity, & pediatric client -- Cancer concepts -- Psychosocial nursing care -- Integumentary: care of adult & pediatric clients -- Sensory: care of adult & pediatric clients -- Endocrine: care of adult, maternity, & pediatric clients -- Hematology: care of adult & pediatric clients -- Respiratory: care of adult & pediatric clients -- Vascular: care of adult clients -- Cardiac: care of adult, maternity, & pediatric clients -- Gastrointestinal: care of adult & pediatric clients -- Hepatic and biliary: care of adult clients -- Neurology: care of adult & pediatric clients -- Musculoskeletal: care of adult & pediatric clients -- Reproductive: care of adult & pediatric clients -- Urinary-renal: care of adult & pediatric clients -- Maternity nursing care -- Newborn nursing care. | |
| 650 |
_aNursing Care _vExamination Questions. |
||
| 650 |
_aNursing Care _vOutlines. |
||
| 650 |
_aLicensure, Nursing _vExamination Questions. |
||
| 650 |
_aLicensure, Nursing _vOutlines. |
||
| 650 |
_aNursing Process _vExamination Questions. |
||
| 650 |
_aNursing Process _vOutlines. |
||
| 700 | 1 | _aZerwekh, JoAnn Graham. | |
| 740 | _aStudy guide for the NCLEX-RN exam. | ||
| 942 |
_2lcc _cBK _kFOR |
||
| 999 |
_c284502 _d284502 |
||